Normal view
MARC view
- Maqbool
Entry Personal Name
001 - CONTROL NUMBER
- control field: 47827
003 - CONTROL NUMBER IDENTIFIER
- control field: NUST
005 - DATE AND TIME OF LATEST TRANSACTION
- control field: 20210314133919.0
008 - FIXED-LENGTH DATA ELEMENTS
- fixed length control field: 210314|| aca||aabn | a|a d
040 ## - CATALOGING SOURCE
- Original cataloging agency: NUST
- Transcribing agency: NUST
100 ## - HEADING--PERSONAL NAME
- Personal name: Maqbool
670 ## - SOURCE DATA FOUND
- Source citation: Work cat.: (NUST): Hasssan Syn 5 47826, Computer Software for Army Assault and L of C Bridges, 18-04-2000
